Dix-huitième siècle (Record no. 53567)

MARC details
000 -LEADER
campo de control de longitud fija 00836nam a2200241 i 4500
001 - NÚMERO DE CONTROL
campo de control 53567
003 - IDENTIFICADOR DE NÚMERO DE CONTROL
campo de control ES-MaACL
005 - FECHA Y HORA DE LA ÚLTIMA TRANSACCIÓN
campo de control 20240526062937.0
007 - CAMPO FIJO DE DESCRIPCIÓN FÍSICA--INFORMACIÓN GENERAL
campo de control de longitud fija t|
008 - DATOS DE LONGITUD FIJA--INFORMACIÓN GENERAL
campo de control de longitud fija 960627s1890 fr |||| | fre d
100 1# - ENTRADA PRINCIPAL--NOMBRE DE PERSONA
Nombre de persona Faguet, Émile,
Fechas asociadas al nombre 1847-1916
9 (RLIN) 48632
245 10 - MENCIÓN DEL TÍTULO
Título Dix-huitième siècle
Resto del título : etudes littéraires /
Mención de responsabilidad, etc. Emile Faguet.
250 ## - MENCION DE EDICION
Mención de edición 31e éd.
260 ## - PUBLICACIÓN, DISTRIBUCIÓN, ETC.
Lugar de publicación, distribución, etc. Paris :
Nombre del editor, distribuidor, etc. Société Française d'Imprimerie et de Librairie,
Fecha de publicación, distribución, etc. [1890?]
300 ## - DESCRIPCIÓN FÍSICA
Extensión XXXII, 559 p. ;
Dimensiones 19 cm.
490 1# - MENCIÓN DE SERIE
Mención de serie Nouvelle bibliothèque littéraire
500 ## - NOTA GENERAL
Nota general Mención de ed. tomada de cub. original.
500 ## - NOTA GENERAL
Nota general Fecha tomada del prólogo.
650 #4 - PUNTO DE ACCESO ADICIONAL DE MATERIA--TÉRMINO DE MATERIA
Término de materia o nombre geográfico como elemento de entrada Literatura francesa-
Subdivisión cronológica S.XVIII-
Subdivisión de forma Historia y crítica.
9 (RLIN) 14592
830 0# - PUNTO DE ACCESO ADICIONAL DE SERIE-TÍTULO UNIFORME
Título uniforme Nouvelle bibliothèque littéraire
9 (RLIN) 182447
852 ## - LOCALIZACIÓN
Ubicación ES-MaACL
Número de control de estantería F-577
Holdings
Estatus retirado Estado de pérdida Estado de daño No para préstamo Colección Biblioteca de origen Biblioteca actual Ubicación en estantería Fecha de adquisición Fuente de adquisición Total de préstamos Signatura topográfica completa Código de barras Visto por última vez Precio de reemplazo Tipo de ítem Koha
        Libros del s. XIX Biblioteca del Ateneo de Madrid Biblioteca del Ateneo de Madrid Depósito 2 17/01/2008     F-577 1056288 23/02/2023 23/02/2023 Libro impreso antiguo